Mechanics of materials metric edition (Record no. 582591)
[ view plain ]
| 000 -LEADER | |
|---|---|
| fixed length control field | 00502nam a22001937a 4500 |
| 003 - CONTROL NUMBER IDENTIFIER | |
| control field | CEME |
| 005 - DATE AND TIME OF LATEST TRANSACTION | |
| control field | 20210628205849.0 |
| 008 - FIXED-LENGTH DATA ELEMENTS--GENERAL INFORMATION | |
| fixed length control field | 210317b xxu||||| |||| 00| 0 eng d |
| 020 ## - INTERNATIONAL STANDARD BOOK NUMBER | |
| International Standard Book Number | 0-07-112939-1 |
| 040 ## - CATALOGING SOURCE | |
| Transcribing agency | . |
| 082 ## - DEWEY DECIMAL CLASSIFICATION NUMBER | |
| Classification number | 620.112 BEE |
| 100 ## - MAIN ENTRY--PERSONAL NAME | |
| Personal name | Beer, Ferdinand.P Johnston, E.Russell |
| 9 (RLIN) | 56612 |
| 245 ## - TITLE STATEMENT | |
| Title | Mechanics of materials metric edition |
| 250 ## - EDITION STATEMENT | |
| Edition statement | 2ND |
| 260 ## - PUBLICATION, DISTRIBUTION, ETC. | |
| Place of publication, distribution, etc. | LONDON |
| Name of publisher, distributor, etc. | MCGRAW HILL |
| Date of publication, distribution, etc. | 1992 |
| 300 ## - PHYSICAL DESCRIPTION | |
| Extent | XVI,736P |
| 650 ## - SUBJECT ADDED ENTRY--TOPICAL TERM | |
| Topical term or geographic name entry element | MATERIALS, MECHANICS |
| 9 (RLIN) | 77297 |
| 942 ## - ADDED ENTRY ELEMENTS (KOHA) | |
| Koha item type | Book |
| Source of classification or shelving scheme | |
| Withdrawn status | Lost status | Damaged status | Not for loan | Permanent Location | Current Location | Shelving location | Date acquired | Total Checkouts | Full call number | Barcode | Date last seen | Price effective from | Koha item type |
|---|---|---|---|---|---|---|---|---|---|---|---|---|---|
| College of Electrical & Mechanical Engineering (CEME) | College of Electrical & Mechanical Engineering (CEME) | General Stacks | 06/06/2017 | 620.112 BEE | CEME-32971 | 06/28/2021 | 06/28/2021 | Book |
